[Event "GER-Cup16 Z-403 email"]
[Site "GER email"]
[Date "2006.??.??"]
[Round "?"]
[White "Helmreich, Rudolf"]
[Black "Alf, Henning"]
[Result "1/2-1/2"]
[WhiteElo "2320"]
[BlackElo "2090"]
[PlyCount "54"]
[EventDate "2006.11.04"]
[EventType "tourn (corr)"]
[EventRounds "9"]
[EventCountry "GER"]
[SourceTitle "Corr 2008"]
[Source "ChessBase"]
[SourceDate "2008.06.24"]
[SourceVersion "1"]
[SourceVersionDate "2008.06.24"]
[SourceQuality "1"]

1. d4 Nf6 2. c4 g6 3. g3 c6 4. Bg2 Bg7 5. Nc3 d5 6. cxd5 cxd5 7. Nf3 0-0 8. 0-0 Ne4 9. Ne5 Nxc3 10. bxc3 Nc6 11. Nd3 b6 12. e4 dxe4 13. Bxe4 Bb7 14. Re1 e6 15. h4 Qc8 16. h5 Na5 17. h6 Bh8 18. Bxb7 Qxb7 19. Bf4 Rac8 20. Rc1 Nc4 21. Be5 f6 22. Bf4 Rfe8 23. Rc2 e5 24. Rce2 Red8 25. Bc1 Qf3 26. Qc2 Qf5 27. Re4 Qd7 1/2-1/2

[Event "GER-ch31 final email"]
[Site "GER email"]
[Date "2002.??.??"]
[Round "?"]
[White "Voss, Maximilian"]
[Black "Helmreich, Rudolf"]
[Result "1/2-1/2"]
[WhiteElo "2407"]
[BlackElo "2291"]
[PlyCount "73"]
[EventDate "2002.??.??"]
[EventType "tourn (corr)"]
[EventRounds "16"]
[EventCountry "GER"]
[SourceTitle "Corr 2011"]
[Source "ChessBase"]
[SourceDate "2010.08.31"]
[SourceVersion "1"]
[SourceVersionDate "2010.08.31"]
[SourceQuality "1"]

1. e4 e5 2. Nf3 Nc6 3. Bb5 a6 4. Ba4 Nf6 5. 0-0 Be7 6. Re1 b5 7. Bb3 0-0 8. a4 Bb7 9. d3 d6 10. Nbd2 Na5 11. Ba2 c5 12. Nf1 b4 13. c3 bxc3 14. bxc3 Rb8 15. Ng3 Bc8 16. d4 Qc7 17. h3 Re8 18. Ba3 Bf8 19. Rb1 Rxb1 20. Qxb1 Bd7 21. Qd1 Rb8 22. Ng5 Be8 23. Nf5 Qd7 24. f4 exf4 25. Nxd6 Bxd6 26. e5 Qf5 27. Nf3 Bf8 28. exf6 Qxf6 29. Bxc5 Bxc5 30. dxc5 Rd8 31. Qd4 Kf8 32. Qxf6 gxf6 33. Nd4 Rc8 34. Rf1 Rxc5 35. Rxf4 Rxc3 36. Rxf6 Ra3 37. Bd5 1/2-1/2

[Event "GER-ch29 V04 corr"]
[Site "GER corr"]
[Date "1999.??.??"]
[Round "?"]
[White "Helmreich, Rudolf"]
[Black "Ruemmele, Michael"]
[Result "0-1"]
[WhiteElo "2291"]
[BlackElo "2349"]
[PlyCount "82"]
[EventDate "1999.??.??"]
[EventType "tourn (corr)"]
[EventRounds "12"]
[EventCountry "GER"]
[SourceTitle "Corr 2011"]
[Source "ChessBase"]
[SourceDate "2010.08.31"]
[SourceVersion "1"]
[SourceVersionDate "2010.08.31"]
[SourceQuality "1"]

1. e4 e6 2. d4 d5 3. Nd2 Nf6 4. e5 Nfd7 5. Bd3 c5 6. c3 Nc6 7. Ne2 Qb6 8. Nf3 cxd4 9. cxd4 f6 10. exf6 Nxf6 11. 0-0 Bd6 12. Nc3 0-0 13. Be3 Bd7 14. a3 Be8 15. Qd2 Kh8 16. h3 Bh5 17. Ng5 Rae8 18. g4 Bf7 19. Na4 Qc7 20. Rac1 Bg8 21. f4 Nd7 22. Nc3 a6 23. Ne2 Qd8 24. b4 Nb6 25. Nf3 Na7 26. Ne5 Nb5 27. Qa2 Bb8 28. a4 Nd6 29. Rc2 Qe7 30. Qb3 Rc8 31. Rfc1 Rxc2 32. Rxc2 Nbc4 33. Bf2 b5 34. axb5 axb5 35. Nc6 Qe8 36. Nxb8 Qxb8 37. Bg3 Ne4 38. Bxe4 dxe4 39. Qc3 Qb7 40. Rc1 Bf7 41. Kh2 e3 0-1